Central Library OPAC University of Rajshahi

Mutations and polyploidy in plant breeding / (Record no. 72657)

MARC details
000 -LEADER
fixed length control field 00877nam a2200277 a 4500
001 - CONTROL NUMBER
control field 72657
003 - CONTROL NUMBER IDENTIFIER
rucl marc code BD-RjUL
005 - DATE AND TIME OF LATEST TRANSACTION
control field 20211209082308.0
008 - FIXED-LENGTH DATA ELEMENTS--GENERAL INFORMATION
fixed length control field 170522r19621961sw a 000 0 eng
035 ## - SYSTEM CONTROL NUMBER
System control number (BD-RjUL)72875
040 ## - CATALOGING SOURCE
Original cataloging agency DLC
Transcribing agency CoFS
Modifying agency OCoLC
-- DLC
-- BD-RjUL
Language of cataloging eng
041 ## - LANGUAGE CODE
Language code of text/sound track or separate title eng
082 ## - DEWEY DECIMAL CLASSIFICATION NUMBER
Edition number 23
Classification number 631.53
Author mark and year HAM 1962
100 1# - MAIN ENTRY--PERSONAL NAME
Personal name Hagberg, Arne.
9 (RLIN) 214914
245 10 - TITLE STATEMENT
Title Mutations and polyploidy in plant breeding /
Statement of responsibility, etc. Arne Hagberg and Erik Åkerberg.
260 ## - PUBLICATION, DISTRIBUTION, ETC. (IMPRINT)
Place of publication, distribution, etc. London :
Name of publisher, distributor, etc. Heinemann,
Date of publication, distribution, etc. c1961 [1962].
300 ## - PHYSICAL DESCRIPTION
Pagination 149 p. :
Illustrations ill. ;
Size 22 cm.
490 0# - SERIES STATEMENT
Series statement Scandinavian university books.
504 ## - BIBLIOGRAPHY, ETC. NOTE
Bibliography, etc Bibliography: p. 149-[150]
650 #0 - SUBJECT ADDED ENTRY--TOPICAL TERM
Topical term or geographic name as entry element Plant breeding.
9 (RLIN) 214915
Topical term or geographic name as entry element Polyploidy.
9 (RLIN) 214916
Topical term or geographic name as entry element Plants
General subdivision Variation.
9 (RLIN) 161645
700 1# - ADDED ENTRY--PERSONAL NAME
Personal name Åkerberg, E.
Fuller form of name (Erik),
830 ## - SERIES ADDED ENTRY--UNIFORM TITLE
Uniform title Scandinavian university books.
942 ## - ADDED ENTRY ELEMENTS (KOHA)
Source of classification or shelving scheme Dewey Decimal Classification
Koha item type Books
Holdings
Lost status Source of classification or shelving scheme Damaged status Not for loan Collection code Permanent Location Current Location Shelving location Date acquired Source of acquisition Cost, normal purchase price Total Checkouts Full call number Date last seen Copy number Koha item type
  Dewey Decimal Classification   Not For Loan Non-fiction Central Library, University of Rajshahi Central Library, University of Rajshahi Reading Room 08/03/1965 Euro-Pak. News Agency 22.50   631.53 HAM 1962 22/05/2017 C-1 Books
  Dewey Decimal Classification     Non-fiction Central Library, University of Rajshahi Central Library, University of Rajshahi   24/06/1964 Mirza book Agency 22.50   631.52 HAM 1962 11/12/2018 C-2 Books